[Event "Lichtenrader Herbst 2014"]
[Site "Berlin-Lichtenrade"]
[Date "2014.10.23"]
[Round "6.10"]
[White "Zahn, Benno"]
[Black "Lagunow, Raphael"]
[Result "1-0"]
[WhiteElo "2035"]
[BlackElo "2205"]
[PlyCount "105"]
[EventDate "2014.??.??"]

1. e4 c5 2. Nf3 Nc6 3. d4 cxd4 4. Nxd4 g6 5. c4 Bg7 6. Be3 Nf6 7. Nc3 d6 8. Be2
O-O 9. O-O Nd7 10. Qd2 Nc5 11. Rab1 a5 12. b3 Bd7 13. f3 Nxd4 14. Bxd4 Bxd4+
15. Qxd4 Bc6 16. Kh1 Qc7 17. a3 e5 18. Qd2 Ne6 19. Rfd1 Rfd8 20. b4 b6 21. Rdc1
Qe7 22. Qe3 Nd4 23. Rd1 axb4 24. axb4 Ra3 25. Rd3 Kg7 26. f4 f5 27. exf5 Nxf5
28. Qxb6 Rc8 29. Nd5 Qa7 30. Qxa7+ Rxa7 31. fxe5 dxe5 32. Bf3 Nd4 33. Be4 Rf8
34. h3 Rf4 35. Re1 Rf2 36. b5 Nxb5 37. cxb5 Bxb5 38. Rf3 Rd2 39. Nc3 Bc4 40.
Rb1 Rad7 41. Rb7 Rxb7 42. Bxb7 Rd7 43. Be4 Be6 44. Kh2 Rc7 45. Nd1 Rc4 46. Nf2
Ra4 47. g4 h6 48. Kg3 g5 49. Rc3 Ra7 50. Rc6 Bf7 51. Rd6 Ra3+ 52. Bd3 Bc4 53.
Kf3 1-0

[Event "Lichtenrader Herbst 2014"]
[Site "Berlin-Lichtenrade"]
[Date "2014.10.23"]
[Round "6.11"]
[White "Giemsa, Stephan"]
[Black "Brunner, Karl"]
[Result "1-0"]
[WhiteElo "2331"]
[BlackElo "1994"]
[PlyCount "93"]
[EventDate "2014.??.??"]

1. d4 Nf6 2. c4 e6 3. g3 d5 4. Nf3 Bd6 5. Bg2 O-O 6. O-O c6 7. b3 Nbd7 8. Bb2
Re8 9. Nc3 b6 10. Qc2 Bb4 11. Nd2 Ba6 12. a3 Bxc3 13. Bxc3 Rc8 14. Rfd1 Qe7 15.
e4 Nxe4 16. Nxe4 dxe4 17. Qxe4 Nf6 18. Qe5 Nd7 19. Qe3 Bb7 20. h4 Nf8 21. Re1
Qd7 22. Rad1 Rcd8 23. Rd2 Ba8 24. b4 b5 25. c5 Ng6 26. h5 Ne7 27. g4 Nd5 28.
Qg3 Nxc3 29. Qxc3 e5 30. Rde2 exd4 31. Rxe8+ Rxe8 32. Rxe8+ Qxe8 33. Qxd4 f6
34. Be4 Qe7 35. Qd3 h6 36. Bh7+ Kh8 37. Bg6 Qc7 38. Qd6 Qc8 39. Bf5 Qe8 40. Qc7
a6 41. Bg6 Qf8 42. Bf7 Kh7 43. Kg2 Kh8 44. Kg3 Kh7 45. Kf4 a5 46. bxa5 Qxc5 47.
Bg6+ 1-0

[Event "Lichtenrader Herbst 2014"]
[Site "Berlin-Lichtenrade"]
[Date "2014.10.23"]
[Round "6.12"]
[White "Stigar, Petter"]
[Black "Gressmann, Moritz"]
[Result "1/2-1/2"]
[WhiteElo "2225"]
[BlackElo "1977"]
[PlyCount "45"]
[EventDate "2014.??.??"]

1. Nf3 d5 2. d4 Nf6 3. c4 dxc4 4. e3 Bg4 5. Bxc4 e6 6. h3 Bh5 7. Nc3 a6 8. g4
Bg6 9. Ne5 Bd6 10. Nxg6 hxg6 11. e4 Nfd7 12. Be3 Nc6 13. f4 Nb6 14. Be2 Qh4+
15. Bf2 Qe7 16. e5 Bb4 17. Bf3 Nd5 18. Bxd5 exd5 19. Qd3 Bxc3+ 20. Qxc3 Qb4 21.
Qxb4 Nxb4 22. Ke2 Kd7 23. h4 1/2-1/2

[Event "Lichtenrader Herbst 2014"]
[Site "Berlin-Lichtenrade"]
[Date "2014.10.23"]
[Round "6.13"]
[White "Rietze, Clemens"]
[Black "Witte, Ronald"]
[Result "1-0"]
[WhiteElo "2251"]
[BlackElo "2053"]
[PlyCount "57"]
[EventDate "2014.??.??"]

1. e4 c5 2. Nf3 d6 3. d4 cxd4 4. Nxd4 Nf6 5. Nc3 a6 6. Bg5 e6 7. f4 Be7 8. Qf3
Qc7 9. O-O-O Nbd7 10. g4 h6 11. Bxf6 Bxf6 12. h4 Nc5 13. g5 Bxd4 14. Rxd4 Bd7
15. Bh3 Bc6 16. Rhd1 Rd8 17. Qg3 hxg5 18. hxg5 Ke7 19. f5 e5 20. f6+ gxf6 21.
gxf6+ Ke8 22. Qg7 Rf8 23. Rd5 b5 24. Bf5 b4 25. Rh1 Nd7 26. Nd1 Bxd5 27. exd5
Qa5 28. Be6 Qxa2 29. Rh8 1-0

[Event "Lichtenrader Herbst 2014"]
[Site "Berlin-Lichtenrade"]
[Date "2014.10.23"]
[Round "6.14"]
[White "Kierzek, Matthias"]
[Black "Jaeger, Andre"]
[Result "1-0"]
[WhiteElo "2224"]
[BlackElo "1950"]
[PlyCount "47"]
[EventDate "2014.??.??"]

1. d4 Nf6 2. c4 d6 3. Nc3 Bf5 4. f3 e5 5. d5 e4 6. Qd4 exf3 7. gxf3 Be7 8. e4
c5 9. Qe3 Bg6 10. Bd2 Nbd7 11. O-O-O h6 12. f4 Ng4 13. Qg3 h5 14. Nf3 f5 15. e5
h4 16. Qe1 dxe5 17. fxe5 Qa5 18. d6 Bd8 19. e6 Ndf6 20. Nd5 Qxa2 21. d7+ Nxd7
22. exd7+ Kf7 23. Bf4 Ba5 24. Ng5+ 1-0

[Event "Lichtenrader Herbst 2014"]
[Site "Berlin-Lichtenrade"]
[Date "2014.10.23"]
[Round "6.15"]
[White "Richter, Goetz"]
[Black "Schnabel, Ralf"]
[Result "0-1"]
[WhiteElo "2052"]
[BlackElo "2205"]
[PlyCount "104"]
[EventDate "2014.??.??"]

1. e4 Nf6 2. e5 Nd5 3. d4 d6 4. c4 Nb6 5. exd6 cxd6 6. Nc3 g6 7. Be3 Bg7 8. Rc1
O-O 9. b3 Nc6 10. Nf3 Bg4 11. Be2 d5 12. c5 Nc8 13. O-O e6 14. h3 Bxf3 15. Bxf3
N8e7 16. g3 Nf5 17. Ne2 Qf6 18. Bg2 Ncxd4 19. Nxd4 Nxd4 20. Bxd4 Qxd4 21. Qxd4
Bxd4 22. Rfd1 Be5 23. b4 Bc7 24. a4 g5 25. Bf1 Kg7 26. a5 Rac8 27. Rd2 f5 28.
Kg2 h5 29. Bb5 Rf7 30. Ba4 Rd8 31. Re1 Kf6 32. Bb3 Rh7 33. Rd4 h4 34. gxh4 Rxh4
35. Rxh4 gxh4 36. Rd1 d4 37. Bc4 e5 38. f3 Kg5 39. Kf2 e4 40. fxe4 fxe4 41. Rf1
Bf4 42. Rg1+ Bg3+ 43. Ke2 Kf5 44. Rf1+ Bf4 45. a6 bxa6 46. Be6+ Kxe6 47. Rxf4
d3+ 48. Kd1 Rd4 49. c6 Kd6 50. Rf6+ Kc7 51. Kd2 e3+ 52. Kd1 Rxb4 0-1

[Event "Lichtenrader Herbst 2014"]
[Site "Berlin-Lichtenrade"]
[Date "2014.10.23"]
[Round "6.16"]
[White "Arndt, Uwe"]
[Black "Schmidek, Emil"]
[Result "1/2-1/2"]
[WhiteElo "1980"]
[BlackElo "2108"]
[PlyCount "53"]
[EventDate "2014.??.??"]

1. d4 Nf6 2. c4 g6 3. Nc3 d5 4. cxd5 Nxd5 5. e4 Nxc3 6. bxc3 Bg7 7. Nf3 c5 8.
Be2 Nc6 9. Be3 Bg4 10. Qa4 Bxf3 11. gxf3 cxd4 12. Rd1 d3 13. Rxd3 Qc7 14. Bd4
O-O 15. O-O Nxd4 16. cxd4 Qf4 17. Qd7 Rad8 18. Qg4 Qxg4+ 19. fxg4 Bxd4 20. Rfd1
e5 21. Kg2 Rc8 22. f4 Rc2 23. R1d2 Rxd2 24. Rxd2 Be3 25. Rd7 exf4 26. Rxb7 Rc8
27. Bd1 1/2-1/2

[Event "Lichtenrader Herbst 2014"]
[Site "Berlin-Lichtenrade"]
[Date "2014.10.23"]
[Round "6.17"]
[White "Kutschke, Jens"]
[Black "Halfhide, Sebastian"]
[Result "1/2-1/2"]
[WhiteElo "2008"]
[BlackElo "2083"]
[PlyCount "49"]
[EventDate "2014.??.??"]

1. e4 e5 2. Nf3 Nc6 3. Bc4 Nf6 4. Nc3 Bc5 5. O-O d6 6. h3 Be6 7. d3 h6 8. Nd5
O-O 9. c3 Bxd5 10. Bxd5 Nxd5 11. exd5 Ne7 12. c4 c6 13. dxc6 Nxc6 14. Be3 Qb6
15. Qd2 Nd4 16. Nxd4 Bxd4 17. Bxd4 Qxd4 18. Qc3 Qh4 19. Rfe1 Rae8 20. Re4 Qe7
21. f4 f5 22. Re2 e4 23. Rae1 Qh4 24. dxe4 Qxf4 25. exf5 1/2-1/2

[Event "Lichtenrader Herbst 2014"]
[Site "Berlin-Lichtenrade"]
[Date "2014.10.23"]
[Round "6.18"]
[White "Bach, Markus"]
[Black "Ziese, Gerhard"]
[Result "1-0"]
[WhiteElo "2087"]
[BlackElo "1952"]
[PlyCount "103"]
[EventDate "2014.??.??"]

1. g3 Nf6 2. Bg2 g6 3. e4 d6 4. d3 c5 5. Ne2 Nc6 6. O-O Bg7 7. Na3 O-O 8. f4 a6
9. c3 Rb8 10. h3 Qc7 11. Nc2 b5 12. Ne3 e5 13. f5 Bd7 14. g4 Rfc8 15. Ng3 b4
16. c4 Nd4 17. g5 Ne8 18. Nd5 Qd8 19. f6 Bf8 20. Be3 Nc7 21. Kh2 Nce6 22. Bd2
a5 23. Ne2 Ra8 24. Nxd4 cxd4 25. Kg3 Nc5 26. Qe2 Rcb8 27. Bf3 Rb7 28. Rh1 Be6
29. h4 Raa7 30. h5 Qb8 31. Rh4 Bxd5 32. exd5 Qe8 33. Rxd4 Qa4 34. Rh4 Qc2 35.
Be3 Qxe2 36. Bxe2 Ra8 37. Rd1 Re8 38. h6 a4 39. Kf2 Rbb8 40. Ke1 Rb7 41. Kd2
Rbb8 42. Bf3 Rb6 43. Bg2 Rbb8 44. Bf2 Rbd8 45. Re1 Rb8 46. Re2 Rbc8 47. Be4 Rb8
48. Rh1 Nd7 49. Rhe1 Red8 50. Bf3 Bxh6 51. gxh6 Nxf6 52. Bh4 1-0

[Event "Lichtenrader Herbst 2014"]
[Site "Berlin-Lichtenrade"]
[Date "2014.10.23"]
[Round "6.19"]
[White "Nowka, Oliver"]
[Black "Shapiro, Yosip"]
[Result "1-0"]
[WhiteElo "2050"]
[BlackElo "2047"]
[PlyCount "141"]
[EventDate "2014.??.??"]

1. d4 Nf6 2. Bg5 c5 3. d5 Qb6 4. Nc3 h6 5. Bc1 d6 6. Nf3 Bf5 7. Nd2 g5 8. h4
Bg7 9. hxg5 hxg5 10. Rxh8+ Bxh8 11. e4 Bg6 12. Nc4 Qc7 13. e5 dxe5 14. d6 exd6
15. Nb5 Qe7 16. Qxd6 Na6 17. Nxe5 Bxc2 18. Bc4 Rd8 19. Bxf7+ Kf8 20. Qxe7+ Kxe7
21. Bxg5 Nb4 22. Na3 Nd3+ 23. Nxd3 Kxf7 24. Nxc5 Re8+ 25. Kf1 Bf5 26. Nc4 Kg6
27. Bxf6 Bxf6 28. Nd6 Rh8 29. Re1 Bg4 30. Kg1 b6 31. Nb3 Bxb2 32. Nc4 Bf6 33.
Ne5+ Bxe5 34. Rxe5 Rd8 35. f3 Kf6 36. Re2 Be6 37. Nd2 Bf5 38. Ne4+ Bxe4 39.
Rxe4 Rd2 40. a4 Ra2 41. Kh2 Rb2 42. Kh3 a6 43. g4 b5 44. axb5 axb5 45. Kg3 b4
46. Kf4 b3 47. Rb4 Rb1 48. Rb6+ Kg7 49. Kg5 b2 50. f4 Kf8 51. f5 Ke8 52. Rb7
Kd8 53. f6 Kc8 54. Rb4 Kd7 55. Kg6 Rg1 56. Rxb2 Rxg4+ 57. Kf7 Kd6 58. Re2 Rf4
59. Kg6 Rg4+ 60. Kf7 Ra4 61. Re6+ Kd7 62. Re7+ Kd8 63. Kf8 Rf4 64. Kf7 Rg4 65.
Re5 Rg1 66. Rd5+ Kc7 67. Ke6 Re1+ 68. Re5 Rf1 69. Ke7 Rd1 70. f7 Rd7+ 71. Kf6
1-0

[Event "Lichtenrader Herbst 2014"]
[Site "Berlin-Lichtenrade"]
[Date "2014.10.23"]
[Round "6.20"]
[White "Baranowsky, Peter"]
[Black "Federau, Juergen"]
[Result "0-1"]
[WhiteElo "2009"]
[BlackElo "2186"]
[PlyCount "68"]
[EventDate "2014.??.??"]

1. c4 e5 2. Nc3 Nc6 3. Nf3 f5 4. d3 Nf6 5. g3 g6 6. Bg2 Bg7 7. Rb1 a5 8. a3 O-O
9. O-O d6 10. b4 axb4 11. axb4 Ne7 12. Qb3 Kh8 13. e3 h6 14. d4 e4 15. Nd2 Bd7
16. f3 exf3 17. Nxf3 c6 18. Bb2 Be6 19. b5 Qe8 20. Qb4 Qd7 21. c5 Ned5 22. bxc6
bxc6 23. Nxd5 Nxd5 24. Qe1 Rfb8 25. cxd6 Qxd6 26. Ne5 Kh7 27. Qe2 Ra2 28. Nc4
Qb4 29. Qd3 Qa4 30. Ba3 Rxb1 31. Rxb1 Nxe3 32. Nxe3 Rxa3 33. Qd1 Bxd4 34. Bxc6
Bxe3+ {Zü.} 0-1

[Event "Lichtenrader Herbst 2014"]
[Site "Berlin-Lichtenrade"]
[Date "2014.10.24"]
[Round "7.1"]
[White "Perunovic, Milos"]
[Black "Meister, Jakob"]
[Result "1/2-1/2"]
[WhiteElo "2620"]
[BlackElo "2466"]
[PlyCount "81"]
[EventDate "2014.??.??"]

1. e4 e5 2. Nf3 Nc6 3. d4 exd4 4. Nxd4 Nf6 5. Nxc6 bxc6 6. Qe2 a5 7. e5 Ba6 8.
Qf3 Nd5 9. Bxa6 Rxa6 10. O-O Qh4 11. Nd2 Be7 12. Qe2 Ra8 13. Nf3 Qg4 14. Rd1
O-O 15. h3 Qg6 16. c4 Nb6 17. Be3 c5 18. a4 Qe6 19. b3 f6 20. exf6 Bxf6 21. Ra2
d6 22. Qe1 Nd7 23. Re2 Rfe8 24. Qd2 h6 25. Rde1 Qf7 26. Bf4 Rxe2 27. Rxe2 Nb8
28. Re8+ Qxe8 29. Qd5+ Kf8 30. Qxa8 Nc6 31. Qb7 Bd8 32. Bd2 Ke7 33. Qb5 Kd7 34.
Bxa5 Qe2 35. Bd2 Bh4 36. Be3 Bg3 37. fxg3 Qxe3+ 38. Kh2 Qc3 39. Kg1 Qe3+ 40.
Kh2 Qc3 41. Kg1 1/2-1/2

[Event "Lichtenrader Herbst 2014"]
[Site "Berlin-Lichtenrade"]
[Date "2014.10.24"]
[Round "7.2"]
[White "Figura, Atila Gajo"]
[Black "Danin, Alexandre"]
[Result "0-1"]
[WhiteElo "2372"]
[BlackElo "2564"]
[PlyCount "74"]
[EventDate "2014.??.??"]

1. d4 Nf6 2. c4 g6 3. Nc3 d5 4. cxd5 Nxd5 5. e4 Nxc3 6. bxc3 Bg7 7. Be3 c5 8.
Rc1 Qa5 9. Qd2 O-O 10. Nf3 Rd8 11. d5 e6 12. Bg5 f6 13. Bh4 Nc6 14. c4 Nb4 15.
e5 exd5 16. cxd5 Be6 17. d6 Qxa2 18. exf6 Bf8 19. Qxa2 Nxa2 20. Bc4 Re8 21.
Bxa2 Bxa2+ 22. Kd2 Bxd6 23. Rce1 Bd5 24. Bg3 Bxf3 25. gxf3 Kf7 26. Bxd6 Rad8
27. Rxe8 Rxd6+ 28. Kc2 Kxe8 29. Re1+ Kf8 30. Re7 b6 31. Rxa7 Rxf6 32. Rxh7 Rxf3
33. Rb7 Rxf2+ 34. Kc3 Rxh2 35. Rxb6 Kg7 36. Rc6 Rh5 37. Kd3 Re5 0-1

[Event "Lichtenrader Herbst 2014"]
[Site "Berlin-Lichtenrade"]
[Date "2014.10.24"]
[Round "7.3"]
[White "Kalinitschew, Sergey"]
[Black "Milanovic, Danilo"]
[Result "1/2-1/2"]
[WhiteElo "2389"]
[BlackElo "2485"]
[PlyCount "127"]
[EventDate "2014.??.??"]

1. Nf3 Nf6 2. c4 c5 3. Nc3 b6 4. g3 Bb7 5. Bg2 g6 6. b3 Bg7 7. Bb2 O-O 8. O-O
d6 9. d4 Ne4 10. Rc1 Nd7 11. Nxe4 Bxe4 12. Qd2 Rb8 13. Rfd1 Qc7 14. h4 cxd4 15.
Bxd4 Nf6 16. Ng5 Bxg2 17. Kxg2 Qb7+ 18. f3 h6 19. Nh3 Kh7 20. Nf2 a6 21. a4
Rbe8 22. e4 Qc6 23. Qe3 Nd7 24. Bxg7 Kxg7 25. Ng4 Rh8 26. Rd5 h5 27. Qc3+ f6
28. Nf2 Rb8 29. f4 Rhc8 30. Qf3 b5 31. axb5 axb5 32. g4 hxg4 33. Qxg4 Kf7 34.
h5 Rg8 35. Kf1 bxc4 36. Rxc4 Qb7 37. Rd3 Nf8 38. e5 f5 39. hxg6+ Ke6 40. Qe2 d5
41. Rc5 Rxg6 42. Rcxd5 Ra8 43. Qc2 Ra1+ 44. Ke2 Kf7 45. Rd2 Kg7 46. Rd1 Ne6 47.
Qxf5 Ra2+ 48. Kf1 Qxb3 49. Qd3 Qb6 50. Qf3 Ra4 51. Nh3 Rxf4 52. Nxf4 Qg1+ 53.
Ke2 Nxf4+ 54. Qxf4 Rg2+ 55. Kf3 Rf2+ 56. Ke4 Rxf4+ 57. Kxf4 Qf2+ 58. Ke4 e6 59.
R5d3 Qf5+ 60. Ke3 Qxe5+ 61. Kf2 Qh2+ 62. Kf1 Qh1+ 63. Kf2 Qh2+ 64. Kf1 1/2-1/2

[Event "Lichtenrader Herbst 2014"]
[Site "Berlin-Lichtenrade"]
[Date "2014.10.24"]
[Round "7.4"]
[White "Kovalev, Andrei"]
[Black "Zahn, Benno"]
[Result "1-0"]
[WhiteElo "2475"]
[BlackElo "2035"]
[PlyCount "99"]
[EventDate "2014.??.??"]

1. e4 c5 2. Nf3 d6 3. d4 cxd4 4. Nxd4 Nf6 5. Nc3 a6 6. Be2 Nbd7 7. g4 h6 8. f4
g6 9. Bf3 e5 10. Nb3 exf4 11. Bxf4 Ne5 12. Bxe5 dxe5 13. Qxd8+ Kxd8 14. O-O-O+
Kc7 15. Rhf1 Be7 16. Na5 b5 17. Be2 Rd8 18. Rxd8 Kxd8 19. Nc6+ Ke8 20. Nxe5 Bb7
21. Nxf7 b4 22. e5 Kxf7 23. exf6 Bxf6 24. Bc4+ Kg7 25. Nd5 Bg5+ 26. Kb1 Bxd5
27. Bxd5 Rf8 28. Rd1 Rf2 29. Bc4 Rxh2 30. Bxa6 h5 31. gxh5 gxh5 32. a4 bxa3 33.
bxa3 h4 34. Kb2 Kf6 35. a4 Ke5 36. a5 Rd2 37. Re1+ Kd6 38. Bc4 Kc7 39. a6 Rd7
40. Kb3 Re7 41. Rg1 Be3 42. Rg4 Bf2 43. Rg6 Kb8 44. Rh6 Ka7 45. Bd5 Rc7 46. Bb7
Kb8 47. c4 Ka7 48. Kb4 Kb8 49. Bc6 Ka7 50. Kb5 1-0

[Event "Lichtenrader Herbst 2014"]
[Site "Berlin-Lichtenrade"]
[Date "2014.10.24"]
[Round "7.5"]
[White "Gebert-Vangeel, Ralf"]
[Black "Kurayan, Ruslan"]
[Result "0-1"]
[WhiteElo "2023"]
[BlackElo "2404"]
[PlyCount "42"]
[EventDate "2014.??.??"]

1. e4 c5 2. Nf3 d6 3. d4 cxd4 4. Nxd4 Nf6 5. Nc3 g6 6. Be2 Bg7 7. O-O O-O 8.
Be3 Nc6 9. Nb3 Be6 10. f4 Rc8 11. f5 Bd7 12. g4 Ne5 13. g5 Rxc3 14. bxc3 Nxe4
15. fxg6 hxg6 16. Bf3 Nxc3 17. Qe1 Bb5 18. Bxb7 Ng4 19. Rf3 Ne2+ 20. Kg2 Qc7
21. Bd5 Nxe3+ 0-1

[Event "Lichtenrader Herbst 2014"]
[Site "Berlin-Lichtenrade"]
[Date "2014.10.24"]
[Round "7.6"]
[White "Kierzek, Matthias"]
[Black "Stopa, Jacek"]
[Result "0-1"]
[WhiteElo "2224"]
[BlackElo "2515"]
[PlyCount "96"]
[EventDate "2014.??.??"]

1. d4 f5 2. Bg5 g6 3. Nc3 Bg7 4. h4 h6 5. Bf4 Nf6 6. e3 d6 7. Bc4 c6 8. Qf3 Ng4
9. O-O-O d5 10. Bb3 Nd7 11. Qg3 Ndf6 12. f3 Nh5 13. Qe1 Nxf4 14. fxg4 Ne6 15.
gxf5 gxf5 16. Qg3 Qd6 17. Qxd6 exd6 18. Nce2 Bd7 19. c3 O-O 20. Nh3 Rae8 21.
Kd2 Bf6 22. Nhf4 Ng7 23. Ng3 Bd8 24. Rdf1 Rf7 25. Ngh5 Kh7 26. Bc2 Rg8 27. Nxg7
Rfxg7 28. h5 Rg3 29. Ne2 Rxg2 30. Bxf5+ Bxf5 31. Rxf5 R8g7 32. Kd3 Bg5 33. Rh3
Re7 34. Rhf3 Kg7 35. Nf4 Bxf4 36. R3xf4 Rxb2 37. Rg4+ Kh7 38. Rf8 Rh2 39. Rgg8
Rxh5 40. Rh8+ Kg6 41. Rhg8+ Rg7 42. Rxg7+ Kxg7 43. Rb8 Rf5 44. Rxb7+ Rf7 45.
Rb8 h5 46. a4 h4 47. a5 h3 48. Rb2 Kg6 0-1

[Event "Lichtenrader Herbst 2014"]
[Site "Berlin-Lichtenrade"]
[Date "2014.10.24"]
[Round "7.8"]
[White "Bach, Markus"]
[Black "Lerch, Philipp"]
[Result "0-1"]
[WhiteElo "2087"]
[BlackElo "2297"]
[PlyCount "116"]
[EventDate "2014.??.??"]

1. g3 e5 2. Bg2 Nc6 3. c3 Nge7 4. d4 d6 5. Nf3 g6 6. dxe5 dxe5 7. Qxd8+ Kxd8 8.
Na3 f6 9. O-O Be6 10. Rd1+ Ke8 11. e4 a6 12. b3 Nc8 13. Ne1 Nd6 14. Nec2 Nb5
15. Bb2 Nb8 16. Bf1 c6 17. Kg2 Bc5 18. Nc4 Ke7 19. b4 Ba7 20. a4 Bxc4 21. Bxc4
Nd6 22. Bd3 Nd7 23. a5 Rhd8 24. Ne3 Bxe3 25. fxe3 c5 26. Ba3 Rac8 27. Rac1 Ke6
28. Bb1 cxb4 29. cxb4 Rxc1 30. Rxc1 Nb5 31. Bb2 Nb8 32. Ba2+ Ke7 33. Bd5 Nc6
34. Kf3 Nxb4 35. Bxb7 Rb8 36. Bc6 Nd3 37. Bxb5 Nxc1 38. Ba3+ Kd8 39. Bxa6 Nb3
40. Bd6 Ra8 41. Bb7 Rxa5 42. Bd5 Nc5 43. Bg8 Nb7 44. Bb4 Ra4 45. Bf8 Ke8 46.
Bg7 Ke7 47. g4 Nd6 48. g5 Nxe4 49. h4 fxg5 50. Bxe5 gxh4 51. Bd4 Rxd4 52. exd4
Nf6 53. Bc4 g5 54. Bb3 Kd6 55. Bc4 h5 56. Bb3 g4+ 57. Kg2 Nd5 58. Kh2 Nf4 0-1

[Event "Lichtenrader Herbst 2014"]
[Site "Berlin-Lichtenrade"]
[Date "2014.10.24"]
[Round "7.9"]
[White "Nowka, Oliver"]
[Black "Sawlin, Leonid"]
[Result "0-1"]
[WhiteElo "2050"]
[BlackElo "2143"]
[PlyCount "38"]
[EventDate "2014.??.??"]

1. Nf3 d5 2. d3 Nc6 3. Nbd2 e5 4. e4 Nge7 5. Be2 f6 6. c3 Be6 7. Qa4 Nc8 8. a3
Nb6 9. Qc2 Qd7 10. b4 a5 11. Bb2 d4 12. cxd4 Nxd4 13. Nxd4 exd4 14. bxa5 Rxa5
15. Nb3 Bxb3 16. Qxb3 Bc5 17. O-O Qf7 18. Bd1 Qxb3 19. Bxb3 Rb5 0-1

[Event "Lichtenrader Herbst 2014"]
[Site "Berlin-Lichtenrade"]
[Date "2014.10.24"]
[Round "7.10"]
[White "Noetzel, Felix"]
[Black "Rietze, Clemens"]
[Result "1/2-1/2"]
[WhiteElo "2092"]
[BlackElo "2251"]
[PlyCount "38"]
[EventDate "2014.??.??"]

1. e4 c6 2. d4 d5 3. Nc3 dxe4 4. Nxe4 Nd7 5. Nf3 Ngf6 6. Ng3 e6 7. Bd3 Bd6 8.
O-O Qc7 9. Re1 O-O 10. Qe2 b5 11. Ne5 Bb7 12. Bg5 Rfe8 13. Nh5 Be7 14. Nf4 Nf8
15. c3 Rad8 16. Bc2 Bc8 17. Rad1 Nd5 18. Bxe7 Rxe7 19. Qf3 f6 1/2-1/2

[Event "Lichtenrader Herbst 2014"]
[Site "Berlin-Lichtenrade"]
[Date "2014.10.24"]
[Round "7.11"]
[White "Pixa, Richard"]
[Black "Parligras, Cosmin"]
[Result "0-1"]
[WhiteElo "1976"]
[BlackElo "2261"]
[PlyCount "120"]
[EventDate "2014.??.??"]

1. d4 Nf6 2. c4 b6 3. Nc3 Bb7 4. Nf3 e6 5. Bg5 Be7 6. Qc2 d5 7. e3 O-O 8. Bd3
Nbd7 9. O-O h6 10. Bh4 c5 11. Rfd1 cxd4 12. exd4 dxc4 13. Bxc4 Bxf3 14. gxf3
Nd5 15. Bxd5 exd5 16. Bxe7 Qxe7 17. Qf5 Nf6 18. Nxd5 Nxd5 19. Qxd5 Rad8 20. Qe5
Qe6 21. Re1 Qc4 22. Rad1 Rd5 23. b3 Qc6 24. Qe4 Rfd8 25. Rc1 Qf6 26. Red1 Rxd4
27. Rxd4 Qg5+ 28. Qg4 Qxc1+ 29. Kg2 Re8 30. Re4 Qc6 31. Rc4 Qb7 32. Qf4 Re6 33.
Rc7 Rg6+ 34. Kf1 Qd5 35. Rc8+ Kh7 36. Re8 Qd3+ 37. Re2 Re6 38. Qd2 Qxf3 39.
Rxe6 Qh3+ 40. Kg1 Qxe6 41. Qd4 h5 42. Qd8 Qg4+ 43. Kf1 f6 44. Qd3+ Kh6 45. Qe3+
Kg6 46. f3 Qf5 47. Qf2 Qc5 48. Qe2 Qe5 49. Qd2 h4 50. Qc2+ Qf5 51. Qe2 h3 52.
Kf2 Qf4 53. Kf1 Kg5 54. Kg1 Qd4+ 55. Kf1 Kf4 56. Qc2 Qe3 57. Qc4+ Kxf3 58. Qd5+
Kf4 59. Qd6+ Kg5 60. Qd5+ Qe5 0-1

[Event "Lichtenrader Herbst 2014"]
[Site "Berlin-Lichtenrade"]
[Date "2014.10.24"]
[Round "7.12"]
[White "Kirchhof, Arno"]
[Black "Stigar, Petter"]
[Result "1/2-1/2"]
[WhiteElo "2053"]
[BlackElo "2225"]
[PlyCount "76"]
[EventDate "2014.??.??"]

1. d4 d5 2. c4 dxc4 3. e3 Nf6 4. Bxc4 e6 5. Nf3 c5 6. O-O a6 7. Bb3 cxd4 8.
exd4 Nc6 9. Nc3 Be7 10. Bg5 O-O 11. a3 Na5 12. Bc2 b5 13. Qd3 g6 14. Ne5 Bb7
15. b4 Nc4 16. Nxc4 bxc4 17. Qd2 Qc7 18. Rfe1 Rfd8 19. Rad1 Nd5 20. Nxd5 Bxd5
21. Bxe7 Qxe7 22. Be4 Rac8 23. Qc3 Bxe4 24. Rxe4 Rd5 25. h3 Qd8 26. Rb1 Qd7 27.
Rc1 Qb7 28. Qe3 Qe7 29. Rc3 a5 30. bxa5 Rxa5 31. Re5 Rxe5 32. dxe5 Qd7 33. Qc1
Qd5 34. Qe3 Rc5 35. Qf4 Qc6 36. Qd4 Qd5 37. Qf4 Qc6 38. Qd4 Qd5 1/2-1/2

[Event "Lichtenrader Herbst 2014"]
[Site "Berlin-Lichtenrade"]
[Date "2014.10.24"]
[Round "7.13"]
[White "Donath, Johann"]
[Black "Dimitrijeski, Kristian"]
[Result "1/2-1/2"]
[WhiteElo "1973"]
[BlackElo "2202"]
[PlyCount "102"]
[EventDate "2014.??.??"]

1. e4 e5 2. Nf3 Nc6 3. Nc3 Nf6 4. d4 exd4 5. Nxd4 Bb4 6. Nxc6 bxc6 7. Bd3 d6 8.
Bg5 h6 9. Bh4 O-O 10. O-O Qe7 11. f4 Bxc3 12. bxc3 Qe6 13. Qf3 Qg4 14. Qf2 Qe6
15. Rae1 Nd7 16. e5 dxe5 17. f5 Qd5 18. Be7 Re8 19. f6 Nxf6 20. Bxf6 gxf6 21.
Qxf6 Qe6 22. Rxe5 Qxf6 23. Rxe8+ Kg7 24. Rg8+ Kxg8 25. Rxf6 Be6 26. Rxh6 a5 27.
a4 c5 28. Rh4 Rb8 29. Bc4 Rb1+ 30. Kf2 Rb2 31. Bxe6 Rxc2+ 32. Ke3 fxe6 33. Rg4+
Kf7 34. Kd3 Rc1 35. Rf4+ Ke7 36. h4 e5 37. Rg4 Kf6 38. Rc4 Ra1 39. h5 Rh1 40.
Rxc5 Rxh5 41. Rxc7 Rg5 42. Ra7 Rg3+ 43. Ke2 Rxg2+ 44. Kf3 Rc2 45. Rxa5 Rxc3+
46. Ke4 Rc4+ 47. Kd3 Rd4+ 48. Ke3 Ke6 49. Ra6+ Kd5 50. Ra5+ Kc6 51. Rxe5 Rxa4
1/2-1/2

[Event "Lichtenrader Herbst 2014"]
[Site "Berlin-Lichtenrade"]
[Date "2014.10.24"]
[Round "7.14"]
[White "Lagunow, Raphael"]
[Black "Zschaebitz, Klaus"]
[Result "1/2-1/2"]
[WhiteElo "2205"]
[BlackElo "2105"]
[PlyCount "119"]
[EventDate "2014.??.??"]

1. Nf3 e6 2. g3 b6 3. Bg2 Bb7 4. c4 c5 5. Nc3 Nf6 6. O-O Be7 7. d4 cxd4 8. Qxd4
d6 9. Rd1 O-O 10. Bg5 Nbd7 11. Nb5 d5 12. cxd5 Bxd5 13. Nc3 Bb7 14. Qh4 Re8 15.
Rd2 h6 16. Rad1 Bxf3 17. Bxf3 hxg5 18. Qa4 b5 19. Nxb5 Nd5 20. Bxd5 exd5 21.
Rxd5 Nb6 22. Rxd8 Nxa4 23. Rxe8+ Rxe8 24. b3 a6 25. Nc7 Nc3 26. Rd7 Rc8 27.
Rxe7 Kf8 28. Rd7 a5 29. Kg2 Nxa2 30. Nd5 Nc1 31. Rb7 Nxe2 32. Nb6 Rc1 33. Nd5
f6 34. Kf3 Nd4+ 35. Ke4 Nc6 36. f4 Rc5 37. Ne3 gxf4 38. Kxf4 Nd8 39. Rb8 g5+
40. Kg4 Ke7 41. Nf5+ Kd7 42. h4 gxh4 43. gxh4 Nc6 44. Rb7+ Ke6 45. Ng7+ Ke5 46.
Rc7 Ke4 47. Ne6 Ne5+ 48. Kg3 Rb5 49. Rc3 Rb8 50. Kg2 Rg8+ 51. Rg3 Rc8 52. h5
Rc6 53. h6 Rxe6 54. h7 Nf7 55. Rg7 Nh8 56. Rg8 Kf5 57. Rxh8 Re2+ 58. Kf3 Re7
59. Ra8 Rxh7 60. Rxa5+ 1/2-1/2

[Event "Lichtenrader Herbst 2014"]
[Site "Berlin-Lichtenrade"]
[Date "2014.10.24"]
[Round "7.15"]
[White "Major, Vitalij"]
[Black "Gressmann, Moritz"]
[Result "1-0"]
[WhiteElo "2202"]
[BlackElo "1977"]
[PlyCount "124"]
[EventDate "2014.??.??"]

1. d4 d5 2. Bf4 Nf6 3. e3 c5 4. Nf3 Nc6 5. c3 Qb6 6. Qc1 Bf5 7. Nbd2 e6 8. h3
cxd4 9. Nxd4 Nxd4 10. exd4 Be7 11. a4 O-O 12. a5 Qc6 13. Nf3 Nd7 14. Be2 f6 15.
O-O Bg6 16. Nh4 Bf7 17. Bg3 Bd6 18. Qe3 a6 19. Bd3 Rae8 20. f4 Qc7 21. Kh2 g6
22. Nf3 g5 23. Ng1 gxf4 24. Rxf4 Bxf4 25. Bxf4 e5 26. Qg3+ Bg6 27. Bh6 Kf7 28.
Bxg6+ hxg6 29. Bxf8 Rxf8 30. Nf3 Qb8 31. dxe5 Nxe5 32. Kh1 Nxf3 33. Qxf3 Qe5
34. Rd1 Rd8 35. c4 Ke6 36. Qg4+ Kf7 37. cxd5 Rxd5 38. Qc4 Ke6 39. Qc8+ Kd6 40.
Qb8+ Kc6 41. Rc1+ Rc5 42. Qc8+ Kd6 43. Qf8+ Kc6 44. Rxc5+ Qxc5 45. Qxf6+ Kb5
46. h4 Kxa5 47. Qxg6 Qc1+ 48. Kh2 Qxb2 49. h5 b5 50. h6 Qe5+ 51. Kh3 b4 52. Qg7
Qh5+ 53. Kg3 b3 54. h7 b2 55. Qc3+ Ka4 56. Qc4+ Ka3 57. Qxa6+ Kb3 58. Qb7+ Ka2
59. Qa8+ Kb3 60. Qg8+ Ka3 61. h8=Q Qxh8 62. Qxh8 b1=Q 1-0

[Event "Lichtenrader Herbst 2014"]
[Site "Berlin-Lichtenrade"]
[Date "2014.10.24"]
[Round "7.16"]
[White "Federau, Juergen"]
[Black "Arndt, Uwe"]
[Result "1-0"]
[WhiteElo "2186"]
[BlackElo "1980"]
[PlyCount "83"]
[EventDate "2014.??.??"]

1. d4 Nf6 2. c4 e6 3. Nc3 d5 4. cxd5 Nxd5 5. e4 Nxc3 6. bxc3 c5 7. Nf3 cxd4 8.
cxd4 Bb4+ 9. Bd2 Bxd2+ 10. Qxd2 O-O 11. Be2 Nc6 12. Rc1 Ne7 13. O-O b6 14. Qe3
Bb7 15. Ne5 Qd6 16. Nc4 Qd7 17. Rcd1 Rfd8 18. Rd2 Rac8 19. Rfd1 Qa4 20. Ne5 Rc2
21. h4 Rxa2 22. h5 Rxd2 23. Rxd2 Qb4 24. Rd1 Nc6 25. Nxc6 Bxc6 26. h6 Qe7 27.
hxg7 Kxg7 28. Bf3 Bb7 29. Qb3 Qc7 30. d5 exd5 31. exd5 Rd6 32. Qb2+ Kg8 33. Qe5
Qd8 34. Be4 f6 35. Qh5 Qe7 36. Bxh7+ Kf8 37. Bg6 Qg7 38. Be4 Bc8 39. Rd3 Bg4
40. Qh2 Ke7 41. Qh4 Kd7 42. Rg3 1-0